000 01251nam a2200337 i 4500
001 000022397
003 DO-SdBNP
005 20250924073802.0
007 ta
008 101007s1987 dr ab 000 0 spa d
040 _aDO-SdBNP
_bspa
_cBNPHU
_erda
082 _a320.9729052
_bM935s
_222
245 0 4 _aLos movimientos sociales en el Caribe /
_ccoodinador Gérard Pierre Charles.
264 _aSanto Domingo :
_bUniversitaria-UASD,
_c1987
300 _a389 páginas :
_bil.ustracion mapa. ;
_c21 cm.
336 _ardacontent
_btexto
_2txt
337 _ardamedia
_bsin mediación
_2n
338 _ardacarrier
_bvolumen
_2nc
490 1 _aPublicaciones de la Universidad Autónoma de Santo Domingo
_v575
490 1 _aEstudios sociales
_v4
590 _aInventariado, 2018/ YL
650 0 _aMovimientos sociales
_zCaribe (Región)
_923226
_2LEMB
650 4 _aResistencia civil
_zCaribe (Región)
_946183
651 0 _aCaribe (Región)
_xPolítica y gobierno
_y1945-
_987401
700 1 2 _aPierre Charles
_946185
700 1 2 _aCharles-Pierre, Gérard
_946186
830 _aPublicaciones de la Universidad Autónoma de Santo Domingo
_v575
_952
830 0 _aEstudios Sociales
_n4
_946187
910 _aValidado. Control de calidad MFF
942 _2ddc
_cLBS1
999 _c21895
_d21895